| 000 | 00409nam a22001577a 4500 | ||
|---|---|---|---|
| 999 |
_c17279 _d17279 |
||
| 008 | 181015b xxu||||| |||| 00| 0 eng d | ||
| 020 | _a9381714805 | ||
| 050 |
_aRS 100.4 _b.B35 2014 c.1 |
||
| 100 | _aBallington, Don A. | ||
| 245 |
_aPharmacy Practice _cDon A. Ballington |
||
| 250 | _a5th ed. | ||
| 300 | _axxix, 642p. | ||
| 650 | _aPharmacy practice | ||
| 700 | _aRobert J. Anderson | ||
| 942 |
_2lcc _cBK |
||